| 000 | 00437nam a2200193Ia 4500 | ||
|---|---|---|---|
| 008 | 170918s9999 xx 000 0 und d | ||
| 020 | _a9780545200400 | ||
| 050 | _bH682 2006 | ||
| 100 | _aHobbs, Valerie | ||
| 245 | _aSheep / | ||
| 245 | _cHobbs Valerie. | ||
| 260 | _aNew York : | ||
| 260 | _bScholastic, | ||
| 260 | _c2006 | ||
| 300 | _a115 pages : | ||
| 300 | _bcolored illustration ; | ||
| 300 | _c19cm. | ||
| 500 | _a660 | ||
| 999 |
_c341872 _d341872 |
||